000 01043nam a22002537a 4500
005 2009111306196.0
008 091113t xxu||||| |||| 00| 0 eng d
010 _aENG-95465
020 _a9788189983192
_c500.00
035 _aEN-78998
037 _bDBAD/PUB
040 _aDPL
082 _a370.954
100 _aPrem Sunder
245 _aPrinciples of educational system
_c by Prem Sunder
260 _aNew Delhi
_bKhel Sahitya Kendra
_c2009
270 _a7/26, Ansari road, Darya Ganj
_bNew Delhi
_e110002
300 _a 251p.
_c22 cm.(Hb)
700 _aSunder, Prem
856 _uhttp://www.loc.gov/catdir/toc/ecip0721/2007025342.html
942 _2ddc
_cEN
_mSUN
_h370.954
999 _c31840
_d31840